000
00327nam a2200145Ia 4500
100
_a
Yadav/R
490
_v
1
942
_c
BK
654
_a
Thermodynamics
245
_a
Thermodynamics and heat Engines
260
_b
Central Publishing House
_a
Allahabad
_c
1986
082
_a
621.402
_b
YAD
300
_a
828
546
_a
ENGLISH
999
_c
22904
_d
22904